| 000 | 00652nam a2200265Ia 4500 | ||
|---|---|---|---|
| 005 | 20260121171212.0 | ||
| 008 | 008 260114s9999 xx 000 0 eng d | ||
| 020 | _a9783658264468 | ||
| 037 | _aEBOOK | ||
| 040 | _aCRL | ||
| 040 | _beng | ||
| 040 | _cCRL | ||
| 041 | _2eng | ||
| 041 | _aeng | ||
| 084 | _qCRL | ||
| 100 |
_aBidzina Lebanidze _91073295 |
||
| 245 | 0 | _aRussia, EU and the Post-Soviet Democratic Failure | |
| 260 | _bSpringer | ||
| 260 | _bSpringer | ||
| 260 | _c2020 | ||
| 856 | _uhttps://link.springer.com/openurl?genre=book&isbn=978-3-658-26446-8 | ||
| 942 | _cEBOOK | ||
| 999 |
_c1639025 _d1639025 |
||